Formula One Constructors Champions Quiz - Statistics

General Stats
  • This quiz has been taken 2,171 times
    2,104 since last reset
  • The average score is 11 of 15
Answer Stats
Years Headquarters Champion % Correct
1961, 1964, 1975, 1976, 1977, 1979, 1982, 1983, 1999, 2000, 2001, 2002, 2003, 2004, 2007, 2008 Italy Ferrari
99%
2014, 2015, 2016, 2017, 2017, 2018, 2019, 2020, 2021 Germany Mercedes
99%
2010, 2011, 2012, 2013, 2022, 2023 Austria Red Bull
99%
1974, 1984, 1985, 1988, 1989, 1990, 1991, 1998 UK McLaren
96%
2005, 2006 France Renault
94%
1980, 1981, 1986, 1987, 1992, 1993, 1994, 1996, 1997 UK Williams
93%
2009 UK Brawn GP
82%
1963, 1965, 1968, 1970, 1972, 1973, 1978 UK Lotus
76%
1995 UK Benetton
74%
1966, 1967 UK Brabham
68%
1971 UK Tyrrell
53%
1959, 1960 UK Cooper
52%
1962 UK BRM
47%
1958 UK Vanwall
47%
1969 France Matra
42%
No matching quizzes found
Score Distribution
Percent of People with Each Score
Percentile by Number Answered
Your Score History
You have not taken this quiz since the last reset